000 01647cad a22002895a 4500
001 L158360
008 140307s2015 xxk f 000 0 eng d
020 _a9781783210886
035 _a(Sirsi) u158360
041 0 _aeng
110 2 _aRoyal Institution of Chartered Surveyors
_94900
245 0 0 _aSurveyors acting as independent experts in commercial property rent reviews in Scotland
_bRICS guidance note
_h[electronic resource]
250 _a9th edition
260 _aLondon
_bRICS
_c2015
300 _a46 p.
490 0 _aRICS Guidance Note
520 _aOffers guidance to chartered surveyors who are appointed either by the chairman of RICS Scotland, or directly by the parties to a dispute, to act as an independent expert to determine their dispute. It is also intended to assist the parties themselves and those acting for them by making them aware of the procedures likely to be followed. Examines the nature of expert determinations, the powers and duties of independent experts, conflicts of interest, terms of engagement, evidence, determinations, fees, costs and post determinations.
520 _aSUPERSEDES 8th edition Surveyors Acting as Arbiter or as Independent Expert in Commercial Property Rent Reviews (2002).
590 _aKA
651 4 _aScotland
690 _aCommercial property
_96227
700 1 _aReeves, Brian
700 1 _aClearie, Fraser
700 1 _aPritchard, Ken
856 4 0 _uhttps://www.rics.org/content/dam/ricsglobal/documents/standards/Surveyors_Acting_As_Independent_Experts_In_Commercial_Property_Rent_Reviews_In_Scotland_9th_Edition.pdf
_zAvailable free on RICS.org
942 _n0
_2ddc
999 _c115280
_d115280